Ultimate Spanish Verbs Quiz - Statistics

General Stats
  • This quiz has been taken 186 times
    175 since last reset
  • The average score is 90 of 145
Answer Stats
Spanish Verbs English Verbs % Correct
Bailar Dance
93%
Beber Drink
93%
Comer Eat
91%
Andar | Ir Go
90%
Abrir Open
90%
Buscar Look
89%
Leer Read
89%
Estudiar Study
89%
Ser Be
88%
Comprar Buy
88%
Dormir Sleep
88%
Tocar Touch/Play
88%
Escribir Write
88%
Ayudar Help
87%
Jugar Play
87%
Completar Complete
86%
Tener Have
86%
Escuchar Hear/Listen
86%
Hacer Make/Do
85%
Correr Run
85%
Cocinar Cook
84%
Insistir Insist
84%
Aprender Learn
84%
Vivir Live
84%
Ver See
84%
Servir Serve
84%
Cantar Sing
84%
Hablar Talk
84%
Visitar Visit
84%
Caminar Walk
84%
Querer Want
84%
Terminar End/Finish
83%
Saber Know
83%
Nadar Swim
83%
Dar Give
81%
Lamer Lick
81%
Pagar Pay
81%
Repetir Repeat
81%
Descansar Rest
81%
Vomitar Vomit
81%
Cerrar Close
80%
Fumar Smoke
80%
Comprender/Entender Understand
80%
Aplaudir Clap/Applaud
77%
Morir Die
77%
Oir Hear
77%
Recommendar Recommend
77%
Comenzar/Empezar Start/Begin
76%
Lavar Wash
76%
Limpiar Clean
75%
Venir Come
75%
Salir Leave
75%
Pedir/Preguntar Ask
74%
Cambiar Change
74%
Contar Count/Tell
74%
Dibujar Draw
74%
Decir Say
74%
Poder Be Able To
73%
Creer Believe
73%
Manejar/Conducir Drive
73%
Mentir Lie
73%
Gustar Like
73%
Pintar Paint
73%
Poner Put
73%
Enseñar Teach
73%
Llorar Cry
71%
Probar Try/Taste
69%
Cortar Cut
68%
Encontrar Find
68%
Abrazar Hug
68%
Besar Kiss
68%
Pasar Pass/Happen
68%
Volver Return
68%
Llegar Arrive
66%
Romper Break
66%
Volar Fly
66%
Duchar Shower
66%
Traer Bring
65%
Respirar Breathe
64%
Almorzar Have Lunch
64%
Caer Fall
63%
Llover Rain
63%
Seguir Follow
62%
Sacar Take/Remove
62%
Reír Laugh
60%
Tratar Try
60%
Nacer Be Born
59%
Retirar Retire
59%
Despertar Wake
59%
Mirar Watch
59%
Bañar Bathe
58%
Ejercitar Exercise
58%
Robar Rob/Steal
58%
Ofrecer/Brindar Offer
56%
Sangrar Bleed
55%
Sentar Sit
55%
Parar Stop
55%
Llevar Wear/Carry
55%
Desear Wish/Desire
55%
Gritar Yell/Scream
55%
Tirar Pull/Throw
53%
Cepillar Brush
52%
Conocer Meet
51%
Gastar Spend
51%
Curvar Curl/Curve
50%
Freír Fry
50%
Saltar Jump
50%
Montar Ride
50%
Molestar Annoy
48%
Llenar Fill
48%
Mandar Send
48%
Nevar Snow
48%
Toser Cough
45%
Secar Dry/Wipe
45%
Añadir/Agregar Add
44%
Afeitar Shave
42%
Rogar Beg
39%
Ahorrar/Guardar Save
38%
Contestar Answer
37%
Empujar Push
37%
Patinar Skate
37%
Sugerir Suggest
37%
Mudar Move
36%
Aconsejar Advise
35%
Confiar Trust
35%
Planchar Iron
30%
Castigar Punish
30%
Ensuciar Mess/Dirty
29%
Arreglar Fix
27%
Proteger Guard
25%
Prestar Lend
23%
Agarrar Grab
20%
Patear/Golpear Kick
19%
Quitar Remove
19%
Estornudar Sneeze
18%
Disparar/Encender Fire
16%
Barrer Sweep
16%
Chocar Crash
14%
Atar/Empatar Tie
14%
Entregar Deliver
12%
Sacudir Shake
9%
Bostezar Yawn
9%
Restar/Sustraer Subtract
6%
Agachar Crouch
5%
No matching quizzes found
Score Distribution
Percent of People with Each Score
Percentile by Number Answered
Your Score History
You have not taken this quiz since the last reset